Sobre la génesis de la obligación jurídica : teoría y praxis de la injerencia. El ocaso del dominio del hecho /
Guardado en:
| Autor Principal: | |
|---|---|
| Autor Corporativo: | |
| Otros Autores: | |
| Formato: | Libro |
| Idioma: | Spanish |
| Publicado: |
Santa Fe :
Rubinzal Culzoni,
2001.
|
| Materias: | |
| Etiquetas: |
Agregar Etiqueta
Sin Etiquetas, Sea el primero en etiquetar este registro!
|
| LEADER | 00777nam a22001815a 4500 | ||
|---|---|---|---|
| 001 | DER.der000820 | ||
| 008 | 180615s2001####ag#||||||||||||||#||spa|| | ||
| 005 | 20260202114528.0 | ||
| 245 | 1 | 0 | |a Sobre la génesis de la obligación jurídica : |b teoría y praxis de la injerencia. El ocaso del dominio del hecho / |c Günther Jakobs , Manuel Cancio Meliá. |
| 260 | |a Santa Fe : |b Rubinzal Culzoni, |c 2001. | ||
| 300 | |a 151 p. | ||
| 501 | |a Dogmática y política criminal en una teoría funcional del delito / Manuel Cancio Meliá. | ||
| 020 | |a 9507272720 | ||
| 100 | 1 | |a Jakobs, Günther | |
| 700 | 1 | |a Cancio Meliá, Manuel | |
| 710 | 1 | |a Universidad Nacional de Litoral |b Facultad de Ciencias Jurídicas y Sociales | |
| 650 | 7 | |a TEORÍA DEL DERECHO | |
| 859 | |a DERECHO |b BIB. DERECHO |h 345.02 |i JAK |p 001433 | ||
